Logo BPK

Biblioteka

Politechniki Koszalińskiej

Z zagadnień językoznawstwa ogólnego / (Rekord nr 14475)

Szczegóły MARC
000 -ETYKIETA REKORDU
podpole kontrolne o stałej długości 01182nam a2200373 i 4500
001 - NUMER KONTROLNY REKORDU
pole kontrolne 14475
003 - IDENTYFIKATOR NUMERU KONTROLNEGO REKORDU
podpole kontrolne KOSZ 005
005 - DATA OSTATNIEJ MODYFIKACJI REKORDU
podpole kontrolne 20191018141546.0
008 - POLE O STAŁEJ DŁUGOŚCI - DANE KONTROLNE
podpole kontrolne o stałej długości 070720s1970 pl a f 000 0 pol
015 ## - NUMER BIBLIOGRAFII NARODOWEJ
Numer bibliografii narodowej PB 1970/6428
035 ## - NUMER SYSTEMOWY
Numer systemowy przejętego rekordu 991035183609705066
035 ## - NUMER SYSTEMOWY
Numer systemowy przejętego rekordu (PL-WaBN)b19461252-48omnis_nlop
035 ## - NUMER SYSTEMOWY
Numer systemowy przejętego rekordu b19461252
035 ## - NUMER SYSTEMOWY
Numer systemowy przejętego rekordu (OCoLC)839072779
035 ## - NUMER SYSTEMOWY
Numer systemowy przejętego rekordu (PL)b0000001946125
035 ## - NUMER SYSTEMOWY
Numer systemowy przejętego rekordu (EXLNZ-48OMNIS_NETWORK)9910301117105606
040 ## - ŹRÓDŁO KATALOGOWANIA
Instytucja, która sporządziła opis WA N
Instytucja, która utworzyła rekord WA N
046 ## - DATY KODOWANE
Pojedyncza data lub początek okresu powstania dzieła lub zbioru dzieł 1970
080 ## - UNIWERSALNA KLASYFIKACJA DZIESIĘTNA - UKD
UKD 801
100 1# - NAZWA OSOBOWA
Nazwa osobowa Mańczak, Witold
Daty związane z nazwą (1924-2016)
Określenie rodzaju współpracy Autor
245 10 - TYTUŁ/ODPOWIEDZIALNOŚĆ
Tytuł Z zagadnień językoznawstwa ogólnego /
Pozostałe elementy strefy tytułu i oznaczenia odpowiedzialności Witold Mańczak.
260 ## - STREFA ADRESU WYDAWNICZEGO
Miejsce wydania Wrocław :
Nazwa wydawcy/dystrybutora Zakład Narodowy im. Ossolińskich,
Data publikacji, dystrybucji/powstania dokumentu 1970.
300 ## - STREFA OPISU FIZYCZNEGO
Objętość 321, [3] strony :
Rozmiary 23 cm.
336 ## - TYP ZAWARTOŚCI
Źródło (terminu i kodu) rdacontent
Termin opisujący typ zawartości Tekst
Kod określający zawartość txt
337 ## - TYP MEDIÓW
Źródło (terminu i kodu) rdamedia
Tryb odtwarzania Bez urządzenia pośredniczącego
Kod typu mediów n
338 ## - TYP/RODZAJ NOŚNIKA
Źródło (terminu i kodu) rdacarrier
Hasło opisujące typ nośnika Wolumin
Kod typu nośnika nc
380 ## - FORMA I TYP PUBLIKACJI
Forma i typ publikacji Książki
388 ## - CZAS POWSTANIA
Czas powstania 1901-2000
658 ## - TERMIN INDEKSOWY - PRZEDMIOT PROGRAMU NAUCZANIA
Główny przedmiot programu nauczania Językoznawstwo
650 #7 - HASŁO PRZEDMIOTOWE W FORMIE NAZWY OGÓLNEJ LUB JEDNOSTKOWEJ
Nazwa ogólna lub geograficzna Językoznawstwo
Źródło hasła lub terminu DBN
856 ## - LOKALIZACJA I DOSTĘP DO ELEKTRONICZNYCH DOKUMENTÓW ZDALNYCH
Link (URL) http://koha.tu.koszalin.pl/cgi-bin/koha/opac-detail.pl?biblionumber=14475
Tekst linku Katalog online BPK
942 ## - DODATKOWE ELEMENTY (KOHA)
Schemat klasyfikacji Uniwersalna Klasyfikacja Dziesiętna
Typ dokumentu Książka
Egzemplarze
Wycofany Status egzemplarza Uszkodzony Dostępność Lokalizacja stała Lokalizacja bieżąca Miejsce przechowywania Sygnatura Kod kreskowy Typ dokumentu
      Dostępny Biblioteka Politechniki Koszalińskiej Biblioteka Politechniki Koszalińskiej Wypożyczalnia BG 14125 01720877 Książka
© 2023 Biblioteka Politechniki Koszalińskiej :: KOHA